Statistics for Indonesia True or False?

Click here to take the quiz!

General Stats

  • This quiz has been taken 226 times
  • The average score is 10 of 15

Answer Stats

QuestionAnswer% Correct
Over 80% of Indonesia's population are Muslims.True
93%
Indonesia uses the rupiah as its currency.True
86%
Indonesia is in the Ring of Fire, and has nearly 150 volcanoes.True
84%
Indonesia consists of more than 17,000 islands.True
84%
Indonesia borders East Timor.True
82%
Indonesia became independent from the United Kingdom.False
80%
Indonesia's flag is the same as Monaco's but with a brighter shade of red.True
74%
Indonesia is one of the 10 rainiest countries in the world.True
74%
Indonesia is the world's largest island country.True
69%
Indonesia is transcontinental, meaning it is in both Asia and Oceania.True
62%
Indonesia's one and only official language is Indonesian.True
60%
Indonesia borders Brunei.False
56%
Indonesia drives on the right side of the road.False
42%
Indonesia's average elevation is above 2,000 feet (610 m)False
36%
Indonesia uses the Parliament as its legislature.False
33%

Score Distribution

Percentile by Number Answered

Percent of People with Each Score

Your Score History

You have not taken this quiz